Представление документа в формате MARC21

ПолеНазваниеЗначение
  Тип записи a
  Библиографический уровень m
001 Контрольный номер RU\infra-m\znanium\bibl\2173598
005 Дата корректировки 20260429142124.1
008 Кодируемые данные 240919s2024 RU g rus u
020 Индекс ISBN __
a ISBN 978-5-9729-1902-4
040 Источник каталогиз. __
a Служба первич. каталог. Общество с ограниченной ответственностью «ЗНАНИУМ»
041 Код языка издания __
a Код языка текста rus
044 Код страны публикации __
a Код страны публикации RU
080 Индекс УДК __
a Индекс УДК 621
084 Индекс другой классификации/Индекс ББК __
2 Источник индекса rubbk
a Индекс другой классификации/Индекс ББК 3284
084 Индекс другой классификации/Индекс ББК __
2 Источник индекса okso
a Индекс другой классификации/Индекс ББК 11.03.01
100 Автор __
a Автор Казаков В.Д.
q Полное имя Казаков Валерий Дмитриевич
u Дополнение Чувашский государственный университет им. И.Н. Ульянова
245 Заглавие __
a Заглавие Электро- и оптические свойства диэлектриков
b Продолж. заглавия Учебное пособие
c Ответственность Чувашский государственный университет им. И.Н. Ульянова
260 Выходные данные __
a Место издания Вологда
b Издательство Инфра-Инженерия
c Дата издания 2024
300 Физическое описание __
a Объем 140 с.
520 Аннотация __
a Аннотация Изложены основы строения материалов. Приведено описание электрических свойств электроизоляционных материалов используемых в электро- и радиотехнике: поляризация диэлектриков диэлектрические потери электропроводность и пробой диэлектриков. Подробно описываются возникновения механизмов поляризации в диэлектриках после приложения внешнего электрического поля влияние температуры и приложенного поля на всех диапазонах частот с приведением кривых зависимостей. Для студентов младших курсов электро- и радиотехнических специальностей электроники при изучении дисциплин «Электротехнические материалы» «Радиоматериалы и радиокомпоненты» и «Материалы электронной техники». Может быть полезно специалистам работающим в области электротехники радиотехники и электроники.
521 Примеч. о цел. назн. __
a Примеч. о целев. назн. Профессиональное образование
650 Тематические рубрики __
a Основная рубрика Радиоэлектроника. Автоматика. Связь
x Основная подрубрика Теоретическая радиотехника
655 Указ. предметных рубрик (устаревшее) __
a Жанр/ форма (устаревшее) Учебное пособие
856 Электронный адрес документа 4_
a Имя сервера/домена znanium.ru
m Помощь ebs_support@infra-m.ru
n Местонахождение сервера НИЦ ИНФРА-М
u URL https://znanium.ru/catalog/document?id=453606
856 Электронный адрес документа 48
a Имя сервера/домена znanium.ru
d Путь /cover/2173
f Электронное имя 2173598.jpg
q Тип электронного формата image/jpeg
u URL https://znanium.ru/cover/2173/2173598.jpg
911 __
u 0030=https://znanium.ru/catalog/document?id=453606